Apomixis : Evolution, mechanisms and molecular perspectives / (Record no. 756204)

MARC details
000 -LEADER
fixed length control field 00370nam a22001337a 4500
020 ## - INTERNATIONAL STANDARD BOOK NUMBER
ISBN 9781647404246
082 ## - DEWEY DECIMAL CLASSIFICATION NUMBER
Classification number 631.53 GIB.A
100 ## - MAIN ENTRY--AUTHOR NAME
Personal name Gibson, Lucca
245 ## - TITLE STATEMENT
Title Apomixis : Evolution, mechanisms and molecular perspectives /
260 ## - PUBLICATION, DISTRIBUTION, ETC. (IMPRINT)
Place of publication New Delhi:
Name of publisher Discovery publishing house,
Year of publication c2023.
300 ## - PHYSICAL DESCRIPTION
Number of Pages 230 p.
942 ## - ADDED ENTRY ELEMENTS (KOHA)
Source of classification or shelving scheme Dewey Decimal Classification
Koha item type Book
Holdings
Withdrawn status Lost status Source of classification or shelving scheme Damaged status Not for loan Home Library Current Location Shelving location Date acquired Source of acquisition Full call number Accession Number Price effective from Koha item type
    Dewey Decimal Classification     Dept. of Botany Dept. of Botany General Stacks 17/02/2026 Southern book star 631.53 GIB.A BOT10930 17/02/2026 Book